02392nam a22001817a 4500999001500000008004100015245001600056300001600072653071600088942001600804952019600820952019601016952020601212952020601418952020601624952019001830952019002020 c2919d2919190410| ||| | ||||||0| ||spa d aHueso Coxal eHueso Coxal aHueso par,plano y ancho cuyas partes estan torsionadas sobre su eje, adoptando aspecto de aspas de molino de viento o hélice.aAcetábulo:segmento medio, grueso y estrecho excavado en la parte lateral por una cavidad articular.aIlion:segmento superior, aplanado y muy anchoaPubis:forma parte de la mitad anterior del marco óseo del orificio o agujero obturador del segmento inferioraIsquion:forma parte de la mitad posterior del marco óseo del orificio o agujero obturador del segmento inferioraAgujero obturado: amplio orificio del segmento inferior.aArticula posteromedialmente con el sacro, adelante y en línea mediana con su homólogo contralateral, abajo y en sentido lateral, con el fémur cHUESOS2ddc 00102ddc4070aBFMbBFMcCRd2019-04-23eDonación Grecia Santillán, Abril 2019.l36pHCO18r2025-02-18s2025-02-18tEj. 1w2019-04-23yHUESOSzDonación Grecia Santillán, Abril 2019. 00102ddc4070aBFMbBFMcCRd2019-04-23eDonación Grecia Santillán, Abril 2019.l42pHCO19r2026-02-09s2026-02-09tEj. 2w2019-04-23yHUESOSzDonación Grecia Santillán, Abril 2019. 00102ddc4070aBFMbBFMcCRd2019-04-30eDonación Cátedra de Anatomía, Abril 2019.l32pHCO72r2024-05-06s2024-05-06tEj. 3w2019-04-30yHUESOSzDonación Cátedra de Anatomía, Abril 2019. 00102ddc4070aBFMbBFMcCRd2019-04-30eDonación Cátedra de Anatomía, Abril 2019.l37pHCO73r2025-03-12s2025-03-12tEj. 4w2019-04-30yHUESOSzDonación Cátedra de Anatomía, Abril 2019. 00102ddc4070aBFMbBFMcCRd2019-04-30eDonación Cátedra de Anatomía, Abril 2019.l13pHCO74r2024-04-17s2024-04-17tEj. 5w2019-04-30yHUESOSzDonación Cátedra de Anatomía, Abril 2019. 00102ddc4070aBFMbBFMcCRd2024-08-29eDonación Juan Ignacio Garrido, Agosto 2024l0pHCO139r2024-08-29tEj. 6w2024-08-29yHUESOSzDonación Juan Ignacio Garrido, Agosto 2024f 00102ddc4070aBFMbBFMcCRd2024-08-29eDonación Juan Ignacio Garrido, Agosto 2024l0pHCO140r2024-08-29tEj. 7w2024-08-29yHUESOSzDonación Juan Ignacio Garrido, Agosto 2024f